BIBLIOTECA

SENCICO

Maquetas : (Registro nro. 2241)

Detalles MARC
000 -LEADER
fixed length control field 01035nam a2200253Ia 4500
003 - CONTROL NUMBER IDENTIFIER
control field PE SENCICO BE
005 - DATE AND TIME OF LATEST TRANSACTION
control field 20251020182536.0
008 - FIXED-LENGTH DATA ELEMENTS--GENERAL INFORMATION
fixed length control field 200515s9999 xx 000 0 und d
040 ## - CATALOGING SOURCE
Original cataloging agency PE SENCICO BE
Transcribing agency PE SENCICO BE
041 ## - LANGUAGE CODE
Language code of text/sound track or separate title spa
082 ## - DEWEY DECIMAL CLASSIFICATION NUMBER
Classification number 720.28
Item number C74
100 1# - MAIN ENTRY--PERSONAL NAME
Personal name Consalez, Lorenzo
9 (RLIN) 1417
Relator term autor
245 10 - TITLE STATEMENT
Title Maquetas :
Remainder of title la representación del espacio en el proyecto arquitectónico /
Statement of responsibility, etc. Lorenzo Consalez, Luigi Bertazzoni
250 ## - EDITION STATEMENT
Edition statement 1a ed.
260 ## - PUBLICATION, DISTRIBUTION, ETC.
Place of publication, distribution, etc. Barcelona :
Name of publisher, distributor, etc. Gustavo Gili,
Date of publication, distribution, etc. 2000
300 ## - PHYSICAL DESCRIPTION
Extent 111 páginas :
Other physical details il. col., diagrs.,
Dimensions 24 cm.
520 ## - SUMMARY, ETC.
Summary, etc. Tiene como objetivo hacer accesible las técnicas y los materiales necesarios para la construcción de maquetas de arquitectura como reproducciones a escala reducida de la realidad tridimensional de un edificio
650 10 - SUBJECT ADDED ENTRY--TOPICAL TERM
Topical term or geographic name entry element Maquetas (Arquitectura)
9 (RLIN) 457
650 20 - SUBJECT ADDED ENTRY--TOPICAL TERM
Topical term or geographic name entry element Dibujo arquitectónico
9 (RLIN) 428
650 20 - SUBJECT ADDED ENTRY--TOPICAL TERM
Topical term or geographic name entry element Dibujo técnico
9 (RLIN) 336
650 20 - SUBJECT ADDED ENTRY--TOPICAL TERM
Topical term or geographic name entry element Escalas (Cartografía)
9 (RLIN) 1420
700 1# - ADDED ENTRY--PERSONAL NAME
9 (RLIN) 1419
Personal name Bertazzoni, Luigi
Relator term autor
942 ## - ADDED ENTRY ELEMENTS (KOHA)
Koha item type Libros
Source of classification or shelving scheme Dewey Decimal Classification
Existencias
Fecha de la última vez que lo usaron Número de ingreso o de inventario Pago total Signatura topográfica completa Precio efectivo desde Tipo de documento Estado perdido Sistema de clasificación Estado dañado No es para préstamo Retirado Ubicación permanente Ubicación actual Fecha de adquisición Fuente de adquisición
15/05/2020 12101   720.28/C74 15/05/2020 Libros   Dewey Decimal Classification       Biblioteca Central Lima Biblioteca Central Lima 15/05/2020  
25/08/2023 16681   720.28/C74/ej. 2 25/08/2023 Libros   Dewey Decimal Classification       Biblioteca Central Lima Biblioteca Central Lima 14/08/2023 Comprado de la librería Megabook